AYURVEDA KA ITHIHAS (Record no. 16545)

MARC details
000 -LEADER
fixed length control field 00322nam a22001457a 4500
003 - CONTROL NUMBER IDENTIFIER
control field SGT
020 ## - INTERNATIONAL STANDARD BOOK NUMBER
International Standard Book Number 978-93-82443-21-6
082 ## - DEWEY DECIMAL CLASSIFICATION NUMBER
Classification number 615.53
Item number A19S
100 ## - MAIN ENTRY--PERSONAL NAME
Personal name SHING,RAMHARSH
245 ## - TITLE STATEMENT
Title AYURVEDA KA ITHIHAS
260 ## - PUBLICATION, DISTRIBUTION, ETC. (IMPRINT)
Place of publication, distribution, etc VARANASI
Name of publisher, distributor, etc CHAUKHAMBHA PUB
Year of Publication 2019
300 ## - PAGE DESCRIPTION
No. of Pages 581
650 ## - SUBJECT ADDED ENTRY--TOPICAL TERM
Topical term or geographic name as entry element AYURVEDA
942 ## - ADDED ENTRY ELEMENTS (KOHA)
Source of classification or shelving scheme Dewey Decimal Classification
Koha item type Books
942 ## - ADDED ENTRY ELEMENTS (KOHA)
-- 17
Holdings
Withdrawn status Lost status Source of classification or shelving scheme Damaged status Use restrictions Not for loan Collection code Home library Current library Shelving location Date acquired Vendor Name Cost, normal purchase price SGTU Bill Number Full call number Accession No. (Barcode) Date last seen Bill Date Koha item type Total Checkouts Date last borrowed
    Dewey Decimal Classification   Restricted Access   AYURVEDA SGT FA-FP Library SGT FA-FP Library Reference Book 18/01/2019 CHAUKHAMBA PUB 260.00 SGTU 1338 615.53 A19S FA8476 18/01/2019 16/01/2019 Books    
    Dewey Decimal Classification       AYURVEDA SGT FA-FP Library SGT FA-FP Library Text Book 18/01/2019 CHAUKHAMBA PUB 260.00 SGTU 1338 615.53 A19S FA8477 18/12/2023 16/01/2019 Books 8 07/08/2023
    Dewey Decimal Classification       AYURVEDA SGT FA-FP Library SGT FA-FP Library Text Book 18/01/2019 CHAUKHAMBA PUB 260.00 SGTU 1338 615.53 A19S FA8478 24/04/2024 16/01/2019 Books 3 13/04/2024
    Dewey Decimal Classification       AYURVEDA SGT FA-FP Library SGT FA-FP Library Text Book 18/01/2019 CHAUKHAMBA PUB 260.00 SGTU 1338 615.53 A19S FA8479 11/04/2025 16/01/2019 Books 4 11/04/2025
    Dewey Decimal Classification       AYURVEDA SGT FA-FP Library SGT FA-FP Library Text Book 18/01/2019 CHAUKHAMBA PUB 260.00 SGTU 1338 615.53 A19S FA8480 29/04/2024 16/01/2019 Books 3 13/04/2024